Priestorové aspekty formovania siete zastupiteľských úradov v kontexte zahraničnej politiky Slovenskej republiky

Vývoj zahraničnej politiky SR. Formovanie siete zastupiteľských úradov SR v zahraničí. Priestorové aspekty siete veľvyslanectiev a konzulárnych úradov SR v zahraničí. Iné formy zastúpenia SR v zahraničí. Priestorové aspekty siete zahraničných zastupiteľských úradov akreditovaných pre SR.

Saved in:
Bibliographic Details
Main Author: Grác, Róbert
Other Authors: Slavík, Vladimír
Format: Book Chapter
Language:Slovak
Subjects:
Tags: Add Tag
No Tags, Be the first to tag this record!

MARC

LEADER 00000naa a2200000 4500
001 0125293
005 20231102101713.8
041 0 |a slo 
044 |a SK 
245 1 0 |a Priestorové aspekty formovania siete zastupiteľských úradov v kontexte zahraničnej politiky Slovenskej republiky  |c Róbert Grác, Vladimír Slavík 
520 |a Vývoj zahraničnej politiky SR. Formovanie siete zastupiteľských úradov SR v zahraničí. Priestorové aspekty siete veľvyslanectiev a konzulárnych úradov SR v zahraničí. Iné formy zastúpenia SR v zahraničí. Priestorové aspekty siete zahraničných zastupiteľských úradov akreditovaných pre SR. 
610 2 0 |a politika zahraničná 
610 2 0 |a Slovensko 
610 2 0 |a úrady 
100 1 |a Grác, Róbert 
700 1 |a Slavík, Vladimír